Stany USA na literę W - Statystyki

Ogólne statystyki
  • Ten quiz został rozwiązany 48 razy
  • Średni wynik to 4 z 5
Statystyki odpowiedzi
Stan % Poprawnych
Wyoming
89%
Wirginia
87%
Wisconsin
87%
Waszyngton
80%
Wirginia Zachodnia
80%
Nie znaleziono quizów pasujących do podanych kryteriów
Rozkład punktacji
Procent ludzi z każdym wynikiem
Percentyl według liczby udzielonych odpowiedzi
Twoja historia wyników
Nie rozwiązałeś tego quizu